Operations management and total quality management/ (Record no. 16331)
[ view plain ]
| 000 -LEADER | |
|---|---|
| fixed length control field | 00766nam a22002177a 4500 |
| 005 - DATE AND TIME OF LATEST TRANSACTION | |
| control field | 20241023062519.0 |
| 008 - FIXED-LENGTH DATA ELEMENTS--GENERAL INFORMATION | |
| fixed length control field | 211123b ||||| |||| 00| 0 eng d |
| 020 ## - INTERNATIONAL STANDARD BOOK NUMBER | |
| International Standard Book Number | 9789814878456 |
| 082 ## - DEWEY DECIMAL CLASSIFICATION NUMBER | |
| Edition number | 2020 |
| Classification number | DC 658.5 |
| Item number | C690 |
| 100 ## - MAIN ENTRY--PERSONAL NAME | |
| Personal name | Collier, David Alan, author |
| 9 (RLIN) | 43735 |
| 245 ## - TITLE STATEMENT | |
| Title | Operations management and total quality management/ |
| Statement of responsibility, etc. | David Alan Collier, James Evans, William Lindsay, authors. |
| 260 ## - PUBLICATION, DISTRIBUTION, ETC. (IMPRINT) | |
| Place of publication, distribution, etc. | Australia: |
| Name of publisher, distributor, etc. | Cengage, |
| Date of publication, distribution, etc. | ©2020. |
| 300 ## - PHYSICAL DESCRIPTION | |
| Extent | 698 pages: |
| Other physical details | illustrations; |
| Dimensions | 25 cm. |
| 500 ## - GENERAL NOTE | |
| General note | Includes appendices and index. |
| 650 ## - SUBJECT ADDED ENTRY--TOPICAL TERM | |
| Topical term or geographic name as entry element | Production management |
| 9 (RLIN) | 43736 |
| 650 ## - SUBJECT ADDED ENTRY--TOPICAL TERM | |
| Topical term or geographic name as entry element | Total quality management |
| 9 (RLIN) | 43737 |
| 700 ## - ADDED ENTRY--PERSONAL NAME | |
| Personal name | Evans, James. |
| Relator term | author |
| 9 (RLIN) | 43738 |
| 700 ## - ADDED ENTRY--PERSONAL NAME | |
| Personal name | Lindsay, William, |
| Relator term | author |
| 9 (RLIN) | 43739 |
| 365 ## - TRADE PRICE | |
| Price amount | 850 |
| Currency code | Php |
| 942 ## - ADDED ENTRY ELEMENTS (KOHA) | |
| Source of classification or shelving scheme | Dewey Decimal Classification |
| Koha item type | Circulation |
| Withdrawn status | Lost status | Source of classification or shelving scheme | Damaged status | Not for loan | Collection code | Home library | Current library | Date acquired | Source of acquisition | Total Checkouts | Full call number | Barcode | Date last seen | Copy number | Cost, replacement price | Price effective from | Koha item type | Shelving location | Date last checked out |
|---|---|---|---|---|---|---|---|---|---|---|---|---|---|---|---|---|---|---|---|
| Dewey Decimal Classification | Circulation | UM Digos College - LIC | UM Digos College - LIC | 10/12/2021 | Purchased | DC 658.5 C690 2020 | 26226 | 05/15/2025 | 1 | 850.00 | 11/23/2021 | Circulation | |||||||
| Dewey Decimal Classification | Circulation | UM Digos College - LIC | UM Digos College - LIC | 10/12/2021 | Purchased | 1 | DC 658.5 C690 2020 | 26227 | 05/15/2025 | 2 | 850.00 | 11/23/2021 | Circulation | Book Cart | 10/12/2023 | ||||
| Dewey Decimal Classification | Circulation | UM Digos College - LIC | UM Digos College - LIC | 10/12/2021 | Purchased | 2 | DC 658.5 C690 2020 | 26228 | 05/15/2025 | 3 | 850.00 | 11/23/2021 | Circulation | Book Cart | 03/26/2024 |
